000 00374nam a22001217a 4500
008 180425b xxu||||| |||| 00| 0 eng d
041 _aeng
080 _a043.3
100 _a0
101 _aMBE-MTH
245 _aMenaxhimi i politikave publike fiskale dhe buxhetore në Republikën e Kosovës dhe ndikimi i tyre në zhvillimin ekonomik të vendit
_cGela,V
942 _2udc
_cBK
999 _c45544
_d45544